书目信息 |
| 题名: |
花卉营养失调症原色图谱
|
|
| 作者: | 马国瑞 , 石伟勇 主编 | |
| 分册: | ||
| 出版信息: | 北京 中国农业出版社 2005 |
|
| 页数: | 107页 | |
| 开本: | 21cm | |
| 丛书名: | ||
| 单 册: | ||
| 中图分类: | S436.8 | |
| 科图分类: | ||
| 主题词: | 花卉--植物营养缺乏症--图谱 , 植物营养缺乏症 , 花卉 | |
| 电子资源: | ||
| ISBN: | 7-109-09465-0 | |
| 000 | 01350nam0 2200349 450 | |
| 000 | 01313nam0 2200337 450 | |
| 000 | 01318nam0 2200349 450 | |
| 000 | 01264nam0 2200325 450 | |
| 000 | 01315nam0 2200313 450 | |
| 000 | 01278nam0 2200301 45 | |
| 001 | TS2006029596 | |
| 005 | 20061209163851.46 | |
| 010 | @a7-109-09465-0@dCNY18.00 | |
| 100 | @a20060829d2005 em y0chiy0110 ea | |
| 101 | 0 | @achi |
| 102 | @aCN@b110000 | |
| 105 | @aa z 000yy | |
| 200 | 1 | @a花卉营养失调症原色图谱@Ahua hui ying yang shi tiao zheng yuan se tu pu@f马国瑞,石伟勇主编@FMa Guo Rui, Shi Wei Yong Zhu Bian |
| 210 | @a北京@c中国农业出版社@d2005 | |
| 215 | @a107页@d21cm | |
| 330 | @a本书收集了花卉氮、磷、钾、钙、镁、铁、硼、锰、铜、锌等十种营养元素失调症250余张彩色照片,直观地再现了不同花卉营养失调症的主要特点。同时,还对各种营养失调症的发生条件、诊断技术及防治措施做了扼要介绍。 | |
| 606 | 0 | @a花卉@x植物营养缺乏症@x图谱 |
| 606 | 0 | @a植物营养缺乏症 |
| 606 | 0 | @a花卉 |
| 690 | @aS436.8@v4 | |
| 701 | 0 | @a马国瑞@Ama guo rui@f(1939~)@4主编 |
| 701 | 0 | @a石伟勇@Ashi wei yong@f(1957.12~)@4主编 |
| 801 | 0 | @aCN@b中图数据@c20061209 |
| 905 | @a10447@dS436.8@e52 | |
| 花卉营养失调症原色图谱/马国瑞,石伟勇主编.-北京:中国农业出版社,2005 |
| 107页;21cm |
| ISBN 7-109-09465-0:CNY18.00 |
| 本书收集了花卉氮、磷、钾、钙、镁、铁、硼、锰、铜、锌等十种营养元素失调症250余张彩色照片,直观地再现了不同花卉营养失调症的主要特点。同时,还对各种营养失调症的发生条件、诊断技术及防治措施做了扼要介绍。 |
| ● |
| 相关链接 |
|
|
|
|
正题名:花卉营养失调症原色图谱
索取号:S436.8/52
 
预约/预借
| 序号 | 登录号 | 条形码 | 馆藏地/架位号 | 状态 | 备注 |
| 1 | 0600443 | 206004438 | 第二样本阅览室/ [索取号:S436.8/52] | 在馆 | |
| 2 | 0600444 | 206004447 | 第三借阅区/ [索取号:S436.8/52] | 在馆 | |
| 3 | 0600445 | 206004456 | 教育系资料室/ [索取号:S436.8/52] | 在馆 | |
| 4 | 0600446 | 206004465 | 教育系资料室/ [索取号:S436.8/52] | 在馆 | |
| 5 | 0600447 | 206004474 | 教育系资料室/ [索取号:S436.8/52] | 在馆 | |
| 6 | 0600448 | 206004483 | 第三借阅区/ [索取号:S436.8/52] | 在馆 | |
| 7 | 0600449 | 206004492 | 教育系资料室/ [索取号:S436.8/52] | 在馆 | |
| 8 | 0600450 | 206004508 | 第三借阅区/ [索取号:S436.8/52] | 在馆 |